| 000 | 00681nam a22002297a 4500 | ||
|---|---|---|---|
| 001 | BD-DhSAU 310 | ||
| 003 | BD-DhSAU | ||
| 005 | 20141231193413.0 | ||
| 008 | 141125b1995 ii a|||| |||| 001 0 eng d | ||
| 020 | _a8171412637 | ||
| 040 | _cBD-DhSAU | ||
| 082 |
_222 _a630 _bKHP |
||
| 100 |
_aKhanna, Sulbha _dDr. |
||
| 245 |
_aPlanning for sustainable agricultural development / _cSulbha Khanna |
||
| 260 |
_aNew Delhi, India : _bDiscovery publishing house. _c1995. |
||
| 300 |
_axiii, 132 p. : _billl, ; _c22 cm. |
||
| 504 | _aIncludes index & references. | ||
| 590 | _aSakey | ||
| 650 | _aAgronomy | ||
| 650 | _aTraditional agriculture. | ||
| 650 | _aNature of Commercial. | ||
| 942 |
_2ddc _cBOOK |
||
| 999 |
_c310 _d310 |
||